00936nam a2200205 a 450000100100000000500170001000800410002702000180006804000250008608200160011110000270012724500500015426000500020430000280025450000700028295201280035295201140048095201190059499900170071300004886420201002061452.0190424s2016 dr a r 000 0 spa d a9789945449365 aDO-SdBNPbspacBNPHU axxxxbG934d1 aGuerrero, Celio97630710aDos amigos y almas gemelas /cCelio Guerrero. aSanto Domingo :bGuerrero & Vásquez,c2016. a316 p. :bil. ;c22 cm. aIncluye datos biográficos del autor en la solapa de la cubierta 001054708DSaGRbGRcHDd2019-04-24iLF1l0oxxxx G934dp48864-30r2020-06-25te.3w2020-06-25yLFDSZPréstamo en sala 0010718PDaPDbPDcHDd2019-04-24iLF1l0oxxxx G934dp48864-10r2020-06-25w2020-06-25yLFPDZNo se presta 0010718PDaPDbPDcHDd2019-04-24iLF1l0oxxxx G934dp48864-20r2020-06-25te.2w2020-06-25yLFPDZNo se presta c48352d48352